BIBLIOTHÈQUE DE LA MAISON DU MEXIQUE

Logo 1 Logo 2

Veinte poemas de amor y una canción desesperada (notice nᵒ 10631)

détails MARC
000 -Sello discográfico
campo de control de longitud fija 00853nam a2200301 4500
005 - Identificación de versión
campo de control 20251016082156.0
010 ## - Número Estándar Internacional de Libros (ISBN)
Número (ISBN) 968-6005-11-0
035 ## - Otros números de control del sistema
Número de control del sistema 17391
099 ## - fechas locales
Tipo de ítem Koha LIBRO
100 ## - Datos de procesamiento general
Datos de procesamiento general 20040119d19811977m y1spay5003 ba
105 ## - Campo de datos codificados: Material textual, monográfico
Datos codificados de monografía y 001gy
200 1# - Título y mención de responsabilidad
Título propio Veinte poemas de amor y una canción desesperada
Designación general del material texto impreso
Primer mención de responsabilidad Pablo Neruda
205 ## - Declaración de edición
Declaración de edición 2a ed
210 ## - Publicación, distribución, etc.
Lugar de publicación, distribución, etc. México
Nombre del editor, distribuidor, etc. Editorial Seix Barral
Fecha de publicación, distribución, etc. 1981
215 ## - Descripción física
Designación de material específico y extensión del ítem 51 p
Dimensiones 19 cm
345 ## - Nota de información de adquisición
Fuente de adquisición/dirección de la suscripción [OBSOLETO] Donación
410 #1 - Series
Título Biblioteca Breve
Nombre de parte o sección Poesía
Número de volumen 401
606 ## - Término temático usado como materia
Elemento de entrada Poesía chilena
Subdivisión cronológica Siglo XX
Número Koha 1187
660 ## - Código de área geográfica
Código MX
700 ## - Nombre personal - Responsabilidad primaria
Elemento de entrada Neruda
Parte del nombre distinta del elemento de entrada Pablo
Fechas 1904-1973
Número Koha 1188
801 #0 - Fuente de origen
País FR
Agencia cm
Reglas de catalogación (convenciones descriptivas) AFNOR
900 ## -
-- 1/6048
900 ## -
-- 7100417809\190104
942 ## - ELEMENTOS DE ENTRADA SECUNDARIOS (KOHA)
Tipo de ítem Koha Livre
996 ## -
-- MEX
-- 751145101
-- MMAG
-- 008566
-- CH861.4 N454VE
-- 20230921LIV
Exemplaires
Estatus retirado Estado de daño Estado de pérdida Fecha de adquisición Biblioteca de origen Biblioteca actual Ubicación en estantería Código de barras Precio de reemplazo Signatura topográfica completa No para préstamo Tipo de ítem Koha Nota pública Nota no pública
      05/08/2025 Casa México Paris Casa México Paris   008566 05/08/2025 CH861.4 N454VE   Livre 20230921LIV 751145101